Handbook on the study of social problems (Record no. 14717)

MARC details
000 -LEADER
fixed length control field 00370nam a2200133Ia 4500
082 ## - DEWEY DECIMAL CLASSIFICATION NUMBER
Classification number RR 361.1 HAN;
245 #0 - TITLE STATEMENT
Title Handbook on the study of social problems
260 ## - PUBLICATION, DISTRIBUTION, ETC. (IMPRINT)
Place of publication Chicago
Name of publisher Rand McNally
Year of publication 1971
300 ## - PHYSICAL DESCRIPTION
Number of Pages xvii, 734p.
440 ## - SERIES STATEMENT/ADDED ENTRY--TITLE
Title Rand McNally sociology series
650 ## - SUBJECT ADDED ENTRY--TOPICAL TERM
Topical Term Social problems - Handbooks, manuals, etc
700 ## - ADDED ENTRY--PERSONAL NAME
Personal name Smigel, Erwin O.
942 ## - ADDED ENTRY ELEMENTS (KOHA)
Koha item type Books
Holdings
Withdrawn status Lost status Damaged status Not for loan Home library Current library Date acquired Full call number Accession Number Price effective from Koha item type
        NASSDOC Library NASSDOC Library 08/06/2004 RR 361.1 HAN; 3039 18/04/2019 Books